000 00480nam a2200169Ia 4500
005 20250508162813.0
008 008 250505s9999 xx 000 0 eng d
037 _aReference
040 _aFEDL
_beng
_cFEDL
041 _aeng
_2eng
084 _a309.230 954, IND
_qFEDL
245 0 _aEconomic survey: 1991-92. Part 1
245 0 _cGovernment of India. Ministry of Finance
300 _a27p.
942 _cREF
_h309.230 954, IND
999 _c1378778
_d1378778